ბათუმის შოთა რუსთაველის სახელმწიფო უნივერსიტეტის ბიბლიოთეკა

Mathematics : (ბიბ.ჩანაწერი № 62509)

000 -LEADER
fixed length control field 01526cam a22004217i 4500
001 - CONTROL NUMBER
control field 21091239
005 - DATE AND TIME OF LATEST TRANSACTION
control field 20241120113919.0
008 - FIXED-LENGTH DATA ELEMENTS--GENERAL INFORMATION
fixed length control field 190718s2019 enka 001 0 eng d
010 ## - LIBRARY OF CONGRESS CONTROL NUMBER
LC control number 2019286225
015 ## - NATIONAL BIBLIOGRAPHY NUMBER
National bibliography number GBB918902
Source bnb
016 7# - NATIONAL BIBLIOGRAPHIC AGENCY CONTROL NUMBER
Record control number 019226630
Source Uk
020 ## - INTERNATIONAL STANDARD BOOK NUMBER
International Standard Book Number 9780198426981
Qualifying information (pbk. ; with access card)
020 ## - INTERNATIONAL STANDARD BOOK NUMBER
International Standard Book Number 0198426984
Qualifying information (pbk. ; with access card)
020 ## - INTERNATIONAL STANDARD BOOK NUMBER
International Standard Book Number 9780198426998 X
Qualifying information paperback
020 ## - INTERNATIONAL STANDARD BOOK NUMBER
International Standard Book Number 0198426992
Qualifying information paperback
035 ## - SYSTEM CONTROL NUMBER
System control number (OCoLC)on1084318918
040 ## - CATALOGING SOURCE
Original cataloging agency UKMGB
Language of cataloging eng
Transcribing agency UKMGB
Description conventions rda
Modifying agency OCLCO
-- OCLCF
-- ATMET
-- YDX
-- DLC
042 ## - AUTHENTICATION CODE
Authentication code lccopycat
050 00 - LIBRARY OF CONGRESS CALL NUMBER
Classification number QA39.3
Item number .B384 2019
080 ## - UNIVERSAL DECIMAL CLASSIFICATION NUMBER
Universal Decimal Classification number 51-7M-39
245 10 - TITLE STATEMENT
Title Mathematics :
Remainder of title applications and interpretation. Standard level. Course companion /
Statement of responsibility, etc. Paul Belcher [and 16 others].
264 #1 - PRODUCTION, PUBLICATION, DISTRIBUTION, MANUFACTURE, AND COPYRIGHT NOTICE
Place of production, publication, distribution, manufacture Oxford, United Kingdom :
Name of producer, publisher, distributor, manufacturer Oxford University Press,
Date of production, publication, distribution, manufacture, or copyright notice 2019.
300 ## - PHYSICAL DESCRIPTION
Extent x, 678 pages :
Other physical details illustrations (color) ;
Dimensions 26 cm.
336 ## - CONTENT TYPE
Content type term text
Source rdacontent
336 ## - CONTENT TYPE
Content type term still image
Source rdacontent
337 ## - MEDIA TYPE
Media type term unmediated
Source rdamedia
338 ## - CARRIER TYPE
Carrier type term volume
Source rdacarrier
490 1# - SERIES STATEMENT
Series statement Oxford IB diploma programme
500 ## - GENERAL NOTE
General note Includes index.
500 ## - GENERAL NOTE
General note Includes Internet access.
650 #7 - SUBJECT ADDED ENTRY--TOPICAL TERM
Topical term or geographic name entry element Mathematics.
Source of heading or term fast
Authority record control number or standard number (OCoLC)fst01012163
9 (RLIN) 23755
653 ## - INDEX TERM--UNCONTROLLED
keyword მათემატიკა
700 ## - ADDED ENTRY--PERSONAL NAME
Personal name Belcher, Paul
Relator term and others
9 (RLIN) 23756
830 #0 - SERIES ADDED ENTRY--UNIFORM TITLE
Uniform title IB diploma programme.
9 (RLIN) 23757
906 ## - LOCAL DATA ELEMENT F, LDF (RLIN)
a 7
b cbc
c copycat
d 2
e ncip
f 20
g y-gencatlg
942 ## - ADDED ENTRY ELEMENTS (KOHA)
Source of classification or shelving scheme
Koha item type წიგნი
ეგზემპლარები
Withdrawn status Lost status Source of classification or shelving scheme Damaged status Not for loan Permanent Location Current Location Shelving location Date acquired Cost, normal purchase price Full call number Barcode Date last seen Copy number Price effective from Koha item type Public note
          ბათუმის შოთა რუსთაველის სახელმწიფო უნივერსიტეტის მთავარი ბიბლიოთეკა ბათუმის შოთა რუსთაველის სახელმწიფო უნივერსიტეტის მთავარი ბიბლიოთეკა წიგნსაცავი 2024-11-20 303.00 51-7M-39 66161 2024-11-20 66161 2024-11-20 წიგნი 303.00
          ბათუმის შოთა რუსთაველის სახელმწიფო უნივერსიტეტის მთავარი ბიბლიოთეკა ბათუმის შოთა რუსთაველის სახელმწიფო უნივერსიტეტის მთავარი ბიბლიოთეკა წიგნსაცავი 2024-11-20 303.00 51-7M-39 66162 2024-11-20 66162 2024-11-20 წიგნი 303.00
          ბათუმის შოთა რუსთაველის სახელმწიფო უნივერსიტეტის მთავარი ბიბლიოთეკა ბათუმის შოთა რუსთაველის სახელმწიფო უნივერსიტეტის მთავარი ბიბლიოთეკა წიგნსაცავი 2024-11-20 303.00 51-7M-39 66163 2024-11-20 66163 2024-11-20 წიგნი 303.00